شکو ہ جو ا ب شکوہ (Record no. 167496)

MARC details
000 -LEADER
fixed length control field 00664nam a22001937a 4500
005 - DATE AND TIME OF LATEST TRANSACTION
control field 20190905143604.0
010 ## - LCCN (DPL NO)
LC control number UR-10436
020 ## - INTERNATIONAL STANDARD BOOK NUMBER
Terms of availability 50.00
International Standard Book Number -
035 ## - SYSTEM CONTROL NUMBER
System control number U-8991
037 ## - SOURCE OF ACQUISITION
Source of stock number/acquisition DBAD/PUB
Stock number -
082 ## - DEWEY DECIMAL CLASSIFICATION NUMBER
Classification number 840.08
100 ## - MAIN ENTRY--PERSONAL NAME
Personal name علا مہ محمد ا قبا ل
245 ## - TITLE STATEMENT
Title شکو ہ جو ا ب شکوہ
Statement of responsibility, etc علا مہ محمد ا قبا ل
246 ## - VARYING FORM OF TITLE
Remainder of title Shikwah Jawab-e-Shikwah (Urdu)
Title proper/short title by Sir Mohd.Iqbal
260 ## - PUBLICATION, DISTRIBUTION, ETC. (IMPRINT)
Place of publication, distribution, etc Delhi
Name of publisher, distributor, etc Maktaba Al Hasanat Books Pvt.Ltd.
Date of publication, distribution, etc 2015 ء
270 ## - ADDRESS
Address 3004/2,Sir Syed Ahmed Road Darya Ganj
City N.Delhi
Postal code 110002
Telephone number 01123271845
Fax number -
300 ## - PHYSICAL DESCRIPTION
Extent 67ص
Dimensions 22 Cm(Hb)
942 ## - ADDED ENTRY ELEMENTS (KOHA)
Source of classification or shelving scheme Dewey Decimal Classification
Item type Urdu Bks
Classification part 840.8
Call number suffix ا ق ب
Holdings
Withdrawn status Lost status Not for loan Collection code Home library Current library Date acquired Source of acquisition Cost, normal purchase price Full call number Barcode Copy number Cost, replacement price Koha item type
    Not For Loan Non-fiction D.B.Act.Division D.B.Act.Division 05/09/2019 DBAD/PUB 50.00 840.8 ا ق ب U-8991 1 50.00 Urdu Bks

© Delhi Public Library
Hit Counter
free hit counter